Tính thiện trong tư tưởng Đông phương

Sách phân tích "tính Thiện" trong ba học thuyết của ba nhà "đại tư tưởng" đã ảnh hưởng lớn lao vào xã hội Đông phương: *) Đức Phật: Đại bi - Bình đẳng. *) Lão Tử: Tự nhiên. *) Khổng Tử: Chí Thiện. Dẫu đường đi " Xuất...

Cijeli opis

Spremljeno u:
Bibliografski detalji
Glavni autor: Nguyễn Thu Phong
Format: Knjiga
Jezik:Undetermined
Izdano: Hà Nội Văn Học 1997
Teme:
Oznake: Dodaj oznaku
Bez oznaka, Budi prvi tko označuje ovaj zapis!
Thư viện lưu trữ: Trung tâm Học liệu Trường Đại học Cần Thơ
LEADER 01013nam a2200181Ia 4500
001 CTU_22483
008 210402s9999 xx 000 0 und d
082 |a 181.1 
082 |b Ph431 
100 |a Nguyễn Thu Phong 
245 0 |a Tính thiện trong tư tưởng Đông phương 
245 0 |c Nguyễn Thu Phong 
260 |a Hà Nội 
260 |b Văn Học 
260 |c 1997 
520 |a Sách phân tích "tính Thiện" trong ba học thuyết của ba nhà "đại tư tưởng" đã ảnh hưởng lớn lao vào xã hội Đông phương: *) Đức Phật: Đại bi - Bình đẳng. *) Lão Tử: Tự nhiên. *) Khổng Tử: Chí Thiện. Dẫu đường đi " Xuất thế" và "Nhập thế" có khác nhau, nhưng ba nguồn tư tưởng đó vẫn gặp nhau ở giao điểm: Chân -Thiện - Mỹ" 
650 |a philosophy, oriental 
980 |a Trung tâm Học liệu Trường Đại học Cần Thơ